[Event "Russian Rapid Team Championship (m)"]
[Site "Sochi"]
[Date "2022.10.18"]
[Round "3.11"]
[White "Grachev, Boris"]
[Black "Lysyj, Igor"]
[Result "1/2-1/2"]
[BlackElo "2530"]
[WhiteElo "2612"]
[LiveChessVersion "1.4.8"]

1. Nf3 {[%clk 0:15:05]} Nf6 {[%clk 0:15:18]} 2. g3 {[%clk 0:15:05]} d5
{[%clk 0:15:27]} 3. Bg2 {[%clk 0:15:12]} e6 {[%clk 0:15:36]} 4. O-O
{[%clk 0:14:26]} Be7 {[%clk 0:15:44]} 5. d4 {[%clk 0:13:21]} O-O {[%clk 0:15:51]}
6. b3 {[%clk 0:12:40]} b6 {[%clk 0:15:54]} 7. c4 {[%clk 0:12:33]} Bb7
{[%clk 0:15:57]} 8. Bb2 {[%clk 0:12:20]} dxc4 {[%clk 0:15:56]} 9. bxc4
{[%clk 0:12:26]} c5 {[%clk 0:16:05]} 10. Nbd2 {[%clk 0:10:40]} cxd4
{[%clk 0:16:06]} 11. Nxd4 {[%clk 0:10:40]} Bxg2 {[%clk 0:16:02]} 12. Kxg2
{[%clk 0:10:48]} Qc8 {[%clk 0:15:55]} 13. Rc1 {[%clk 0:10:12]} Qb7+
{[%clk 0:15:30]} 14. N2f3 {[%clk 0:09:59]} Nbd7 {[%clk 0:15:30]} 15. Qa4
{[%clk 0:09:21]} Rac8 {[%clk 0:15:25]} 16. Rfd1 {[%clk 0:08:33]} Nc5
{[%clk 0:15:01]} 17. Qc2 {[%clk 0:08:41]} Nce4 {[%clk 0:13:17]} 18. h3
{[%clk 0:08:18]} Bc5 {[%clk 0:13:13]} 19. e3 {[%clk 0:06:59]} Rfd8
{[%clk 0:12:23]} 20. Qe2 {[%clk 0:06:53]} Bd6 {[%clk 0:11:32]} 21. Nb5
{[%clk 0:06:21]} Bb8 {[%clk 0:11:08]} 22. Rxd8+ {[%clk 0:06:18]} Rxd8
{[%clk 0:11:16]} 23. Rd1 {[%clk 0:06:16]} Rc8 {[%clk 0:11:07]} 24. Nc3
{[%clk 0:05:52]} Nd6 {[%clk 0:11:03]} 25. Nb5 {[%clk 0:05:22]} Nde4
{[%clk 0:10:06]} 26. Nc3 {[%clk 0:05:18]} Ng5 {[%clk 0:06:13]} 27. h4
{[%clk 0:03:34]} Nxf3 {[%clk 0:06:13]} 28. Qxf3 {[%clk 0:03:43]} Qxf3+
{[%clk 0:06:21]} 29. Kxf3 {[%clk 0:03:51]} Be5 {[%clk 0:05:49]} 30. Na4
{[%clk 0:03:15]} Bxb2 {[%clk 0:05:56]} 31. Nxb2 {[%clk 0:03:24]} Kf8
{[%clk 0:06:00]} 32. Rd3 {[%clk 0:02:58]} Ke7 {[%clk 0:05:56]} 33. Ra3
{[%clk 0:02:59]} Rc7 {[%clk 0:06:01]} 34. Nd3 {[%clk 0:03:00]} Nd7
{[%clk 0:06:00]} 35. Ke2 {[%clk 0:02:42]} f5 {[%clk 0:05:38]} 36. Kd2
{[%clk 0:02:12]} h6 {[%clk 0:05:16]} 37. Rc3 {[%clk 0:02:08]} g5 {[%clk 0:05:09]}
38. hxg5 {[%clk 0:02:08]} hxg5 {[%clk 0:05:18]} 39. Rc1 {[%clk 0:02:13]} Nf6
{[%clk 0:03:28]} 40. Ke2 {[%clk 0:01:53]} Ne4 {[%clk 0:03:05]} 41. a4
{[%clk 0:01:42]} g4 {[%clk 0:03:00]} 42. Rc2 {[%clk 0:01:12]} Nd6
{[%clk 0:02:39]} 43. Nb2 {[%clk 0:01:07]} Rc5 {[%clk 0:02:44]} 44. Rc1
{[%clk 0:00:57]} Kf6 {[%clk 0:02:38]} 45. Rc3 {[%clk 0:00:54]} Ne4
{[%clk 0:02:35]} 46. Rb3 {[%clk 0:00:36]} Rc7 {[%clk 0:02:35]} 47. a5
{[%clk 0:00:16]} bxa5 {[%clk 0:02:28]} 48. Ra3 {[%clk 0:00:25]} Rc5
{[%clk 0:01:42]} 49. Ra1 {[%clk 0:00:24]} Nd6 {[%clk 0:01:35]} 50. Kd3
{[%clk 0:00:28]} Ne4 {[%clk 0:01:43]} 51. Ke2 {[%clk 0:00:38]} Nd6
{[%clk 0:01:51]} 1/2-1/2

[Event "Russian Rapid Team Championship (m)"]
[Site "Sochi"]
[Date "2022.10.18"]
[Round "3.12"]
[White "Remizov, Yaroslav"]
[Black "Dreev, Aleksey"]
[Result "1/2-1/2"]
[BlackElo "2576"]
[WhiteElo "2355"]
[LiveChessVersion "1.4.8"]

1. e4 {[%clk 0:15:17]} c6 {[%clk 0:15:13]} 2. Nf3 {[%clk 0:15:19]} d5
{[%clk 0:15:21]} 3. d3 {[%clk 0:15:27]} dxe4 {[%clk 0:15:26]} 4. dxe4
{[%clk 0:15:35]} Qxd1+ {[%clk 0:15:34]} 5. Kxd1 {[%clk 0:15:44]} Nd7
{[%clk 0:15:42]} 6. Ne1 {[%clk 0:13:49]} g6 {[%clk 0:15:13]} 7. Nd3
{[%clk 0:13:45]} Bg7 {[%clk 0:15:09]} 8. c3 {[%clk 0:13:34]} f5 {[%clk 0:13:53]}
9. exf5 {[%clk 0:12:46]} gxf5 {[%clk 0:14:02]} 10. Nf4 {[%clk 0:11:32]} Ne5
{[%clk 0:13:46]} 11. Nh5 {[%clk 0:10:17]} Bh6 {[%clk 0:13:22]} 12. Be2
{[%clk 0:09:27]} Ng4 {[%clk 0:11:36]} 13. Bxg4 {[%clk 0:08:39]} fxg4
{[%clk 0:11:45]} 14. Re1 {[%clk 0:08:04]} Kf7 {[%clk 0:09:24]} 15. Ng3
{[%clk 0:06:25]} Bxc1 {[%clk 0:08:43]} 16. Kxc1 {[%clk 0:06:33]} Nf6
{[%clk 0:08:00]} 17. Nd2 {[%clk 0:06:12]} Be6 {[%clk 0:08:08]} 18. Nde4
{[%clk 0:05:29]} Bd5 {[%clk 0:07:55]} 19. Kc2 {[%clk 0:04:32]} h5
{[%clk 0:07:45]} 20. h4 {[%clk 0:04:12]} gxh3 {[%clk 0:05:29]} 21. Ng5+
{[%clk 0:04:20]} Kf8 {[%clk 0:05:38]} 22. gxh3 {[%clk 0:04:00]} h4
{[%clk 0:05:20]} 23. Nf5 {[%clk 0:03:10]} Rh5 {[%clk 0:05:13]} 24. f4
{[%clk 0:03:17]} Be4+ {[%clk 0:03:52]} 25. Nxe4 {[%clk 0:03:21]} Rxf5
{[%clk 0:03:59]} 26. Ng5 {[%clk 0:02:57]} Nd5 {[%clk 0:04:04]} 27. Re4
{[%clk 0:02:50]} Ke8 {[%clk 0:03:38]} 28. Rf1 {[%clk 0:01:17]} b5
{[%clk 0:03:07]} 29. Ne6 {[%clk 0:00:47]} Kd7 {[%clk 0:02:52]} 30. Nd4
{[%clk 0:00:49]} Rf7 {[%clk 0:02:59]} 31. f5 {[%clk 0:00:53]} Rg8
{[%clk 0:02:52]} 32. Kb3 {[%clk 0:00:20]} Rg2 {[%clk 0:02:28]} 33. Rd1
{[%clk 0:00:20]} Rf8 {[%clk 0:00:28]} 34. Rxh4 {[%clk 0:00:19]} a5
{[%clk 0:00:18]} 35. Nxb5 {[%clk 0:00:24]} Rb8 {[%clk 0:00:21]} 36. c4
{[%clk 0:00:24]} Rf2 {[%clk 0:00:29]} 37. a4 {[%clk 0:00:23]} Rxf5
{[%clk 0:00:29]} 38. Ka2 {[%clk 0:00:22]} cxb5 {[%clk 0:00:36]} 39. axb5
{[%clk 0:00:30]} Kd6 {[%clk 0:00:27]} 40. Rh7 {[%clk 0:00:24]} e6
{[%clk 0:00:30]} 41. Ra7 {[%clk 0:00:28]} Kc5 {[%clk 0:00:30]} 42. cxd5
{[%clk 0:00:37]} Rxd5 {[%clk 0:00:38]} 43. Re1 {[%clk 0:00:31]} e5
{[%clk 0:00:36]} 44. Rxa5 {[%clk 0:00:31]} Rxb5 {[%clk 0:00:44]} 45. Rxb5+
{[%clk 0:00:22]} Kxb5 46. h4 Kc6 {[%clk 0:00:37]} 47. h5 {[%clk 0:00:34]} e4
{[%clk 0:00:42]} 48. Rh1 {[%clk 0:00:27]} e3 {[%clk 0:00:51]} 49. h6
{[%clk 0:00:34]} e2 {[%clk 0:01:00]} 1/2-1/2

[Event "Russian Rapid Team Championship (m)"]
[Site "Sochi"]
[Date "2022.10.18"]
[Round "3.13"]
[White "Tomashevsky, Evgeny"]
[Black "Nikitenko, Mihail"]
[Result "1/2-1/2"]
[BlackElo "2400"]
[WhiteElo "2631"]
[LiveChessVersion "1.4.8"]

1. c4 {[%clk 0:15:18]} c6 {[%clk 0:15:18]} 2. Nf3 {[%clk 0:15:26]} d5
{[%clk 0:15:26]} 3. g3 {[%clk 0:15:33]} Nf6 {[%clk 0:15:29]} 4. Bg2
{[%clk 0:15:42]} g6 {[%clk 0:15:28]} 5. b3 {[%clk 0:15:47]} Bg7 {[%clk 0:15:36]}
6. Bb2 {[%clk 0:15:56]} O-O {[%clk 0:15:40]} 7. O-O {[%clk 0:16:03]} a5
{[%clk 0:15:10]} 8. d3 {[%clk 0:13:32]} a4 {[%clk 0:14:33]} 9. b4
{[%clk 0:13:08]} dxc4 {[%clk 0:12:27]} 10. dxc4 {[%clk 0:13:16]} Be6
{[%clk 0:12:34]} 11. c5 {[%clk 0:11:43]} a3 {[%clk 0:07:27]} 12. Nxa3
{[%clk 0:11:40]} Qxd1 {[%clk 0:07:35]} 13. Rfxd1 {[%clk 0:11:33]} Nd5
{[%clk 0:07:44]} 14. Bxg7 {[%clk 0:10:34]} Kxg7 {[%clk 0:07:52]} 15. Nc2
{[%clk 0:09:55]} Nc3 {[%clk 0:08:01]} 16. Rd3 {[%clk 0:07:09]} Nxa2
{[%clk 0:08:10]} 17. Nfd4 {[%clk 0:06:37]} Bc4 {[%clk 0:08:08]} 18. Re3
{[%clk 0:06:33]} e6 {[%clk 0:05:32]} 19. Nb3 {[%clk 0:04:47]} Ra4
{[%clk 0:04:01]} 20. Nd2 {[%clk 0:03:31]} Bb5 {[%clk 0:03:58]} 21. Rb1
{[%clk 0:03:33]} Na6 {[%clk 0:03:58]} 22. Nd4 {[%clk 0:01:23]} Rxb4
{[%clk 0:03:20]} 23. Rxb4 {[%clk 0:01:18]} N2xb4 {[%clk 0:03:29]} 24. Nxb5
{[%clk 0:01:25]} cxb5 {[%clk 0:03:38]} 25. Rb3 {[%clk 0:00:44]} Rd8
{[%clk 0:03:21]} 26. Ne4 {[%clk 0:00:21]} Rd1+ {[%clk 0:01:52]} 27. Bf1
{[%clk 0:00:31]} Rc1 {[%clk 0:01:41]} 28. e3 {[%clk 0:00:23]} f5 {[%clk 0:01:44]}
29. Nd6 {[%clk 0:00:28]} Rxc5 {[%clk 0:01:28]} 30. Nxb5 {[%clk 0:00:24]} Rc1
{[%clk 0:00:28]} 31. Kg2 {[%clk 0:00:23]} Nc2 {[%clk 0:00:18]} 32. Nd4
{[%clk 0:00:24]} Nc5 {[%clk 0:00:17]} 33. Rb5 {[%clk 0:00:20]} Ne1+
{[%clk 0:00:16]} 34. Kh3 {[%clk 0:00:27]} Kf6 {[%clk 0:00:18]} 35. Ne2
{[%clk 0:00:28]} Rc2 {[%clk 0:00:27]} 36. g4 {[%clk 0:00:22]} Ne4
{[%clk 0:00:32]} 37. gxf5 {[%clk 0:00:24]} gxf5 {[%clk 0:00:38]} 38. Rxb7
{[%clk 0:00:29]} Nxf2+ {[%clk 0:00:44]} 39. Kh4 {[%clk 0:00:38]} Ne4
{[%clk 0:00:34]} 40. Kh3 {[%clk 0:00:34]} Nf3 {[%clk 0:00:14]} 41. Rb6
{[%clk 0:00:43]} Rc8 {[%clk 0:00:15]} 42. Nf4 {[%clk 0:00:29]} Rg8
{[%clk 0:00:24]} 43. Rxe6+ {[%clk 0:00:21]} Kf7 {[%clk 0:00:19]} 44. Rxe4
{[%clk 0:00:30]} Ng1+ {[%clk 0:00:25]} 45. Kh4 {[%clk 0:00:38]} Nf3+
{[%clk 0:00:34]} 46. Kh3 {[%clk 0:00:33]} Ng1+ {[%clk 0:00:43]} 47. Kh4
{[%clk 0:00:41]} Nf3+ {[%clk 0:00:52]} 1/2-1/2

[Event "Russian Rapid Team Championship (m)"]
[Site "Sochi"]
[Date "2022.10.18"]
[Round "3.14"]
[White "Fedorov, Alexei"]
[Black "Chigaev, Maksim"]
[Result "1/2-1/2"]
[BlackElo "2540"]
[WhiteElo "2522"]
[LiveChessVersion "1.4.8"]

1. e4 {[%clk 0:15:17]} e5 {[%clk 0:15:10]} 2. Nf3 {[%clk 0:15:22]} Nc6
{[%clk 0:15:17]} 3. Bc4 {[%clk 0:15:23]} Nf6 {[%clk 0:15:25]} 4. d3
{[%clk 0:15:31]} Bc5 {[%clk 0:15:32]} 5. O-O {[%clk 0:15:30]} d6 {[%clk 0:15:40]}
6. c3 {[%clk 0:15:32]} h6 {[%clk 0:15:48]} 7. Nbd2 {[%clk 0:15:28]} O-O
{[%clk 0:15:54]} 8. h3 {[%clk 0:15:30]} a5 {[%clk 0:16:01]} 9. Re1
{[%clk 0:15:33]} a4 {[%clk 0:16:07]} 10. a3 {[%clk 0:14:31]} Bd7 {[%clk 0:12:29]}
11. Nf1 {[%clk 0:14:18]} Bb6 {[%clk 0:11:42]} 12. Ng3 {[%clk 0:13:42]} Ne7
{[%clk 0:11:12]} 13. d4 {[%clk 0:13:40]} exd4 {[%clk 0:10:10]} 14. cxd4
{[%clk 0:13:46]} Ng6 {[%clk 0:07:02]} 15. e5 {[%clk 0:09:17]} dxe5
{[%clk 0:07:10]} 16. dxe5 {[%clk 0:09:26]} Nh7 {[%clk 0:07:18]} 17. Be3
{[%clk 0:09:33]} Bxe3 {[%clk 0:06:25]} 18. Rxe3 {[%clk 0:09:41]} Be6
{[%clk 0:06:31]} 19. Rd3 {[%clk 0:09:08]} Qe8 {[%clk 0:06:16]} 20. Bxe6
{[%clk 0:08:23]} Qxe6 {[%clk 0:06:07]} 21. Rd7 {[%clk 0:07:43]} Nxe5
{[%clk 0:05:48]} 22. Rxc7 {[%clk 0:07:40]} Rad8 {[%clk 0:05:05]} 23. Qe2
{[%clk 0:07:43]} Nxf3+ {[%clk 0:05:12]} 24. Qxf3 {[%clk 0:07:51]} b5
{[%clk 0:05:20]} 25. Rb7 {[%clk 0:07:43]} Ng5 {[%clk 0:04:24]} 26. Qe2
{[%clk 0:06:58]} Qxe2 {[%clk 0:04:19]} 27. Nxe2 {[%clk 0:07:07]} Rd2
{[%clk 0:04:27]} 1/2-1/2

[Event "Russian Rapid Team Championship (m)"]
[Site "Sochi"]
[Date "2022.10.18"]
[Round "3.15"]
[White "Khegay, Dmitriy"]
[Black "Aleksandrov, Aleksej"]
[Result "0-1"]
[BlackElo "2439"]
[WhiteElo "2486"]
[LiveChessVersion "1.4.8"]

1. d4 {[%clk 0:15:18]} d5 {[%clk 0:15:17]} 2. Bf4 {[%clk 0:15:26]} c6
{[%clk 0:15:16]} 3. e3 {[%clk 0:15:31]} Bf5 {[%clk 0:15:24]} 4. c4
{[%clk 0:15:30]} e6 {[%clk 0:15:00]} 5. Nc3 {[%clk 0:15:38]} Nd7 {[%clk 0:14:18]}
6. Qb3 {[%clk 0:15:45]} Qb6 {[%clk 0:14:27]} 7. Nf3 {[%clk 0:15:48]} dxc4
{[%clk 0:12:28]} 8. Bxc4 {[%clk 0:15:54]} Ngf6 {[%clk 0:12:35]} 9. O-O
{[%clk 0:15:59]} Be7 {[%clk 0:12:41]} 10. Rfe1 {[%clk 0:15:59]} Ne4
{[%clk 0:12:24]} 11. Rad1 {[%clk 0:15:20]} a5 {[%clk 0:09:56]} 12. Nd2
{[%clk 0:13:22]} Qxb3 {[%clk 0:05:49]} 13. Bxb3 {[%clk 0:13:29]} Nxd2
{[%clk 0:03:50]} 14. Rxd2 {[%clk 0:13:38]} Bg6 {[%clk 0:03:48]} 15. e4
{[%clk 0:13:45]} Bb4 {[%clk 0:03:09]} 16. a3 {[%clk 0:13:31]} Bxc3
{[%clk 0:02:44]} 17. bxc3 {[%clk 0:13:39]} O-O-O {[%clk 0:01:54]} 18. f3
{[%clk 0:13:40]} Rhe8 {[%clk 0:01:16]} 19. Rb2 {[%clk 0:13:39]} e5
{[%clk 0:01:18]} 20. Be3 {[%clk 0:12:56]} f5 {[%clk 0:01:20]} 21. Bg5
{[%clk 0:12:56]} exd4 {[%clk 0:00:39]} 22. Bxd8 {[%clk 0:10:11]} dxc3
{[%clk 0:00:47]} 23. Rbe2 {[%clk 0:08:47]} Kxd8 {[%clk 0:00:56]} 24. exf5
{[%clk 0:08:56]} Rxe2 {[%clk 0:01:05]} 25. Rxe2 {[%clk 0:09:05]} Bxf5
{[%clk 0:01:14]} 26. Re3 {[%clk 0:09:12]} Nc5 {[%clk 0:01:12]} 27. Rxc3
{[%clk 0:09:12]} Nxb3 {[%clk 0:01:21]} 28. Rxb3 {[%clk 0:09:21]} b5
{[%clk 0:01:30]} 29. Kf2 {[%clk 0:09:16]} Kc7 {[%clk 0:01:40]} 30. Ke3
{[%clk 0:09:08]} Kd6 {[%clk 0:01:48]} 31. g4 {[%clk 0:08:59]} Be6
{[%clk 0:01:58]} 32. Rb2 {[%clk 0:09:01]} Kc5 {[%clk 0:02:07]} 33. Rc2+
{[%clk 0:04:30]} Bc4 {[%clk 0:02:03]} 34. f4 {[%clk 0:04:16]} b4 {[%clk 0:02:09]}
35. axb4+ {[%clk 0:04:25]} axb4 {[%clk 0:02:19]} 36. f5 {[%clk 0:04:16]} b3
{[%clk 0:02:27]} 37. Rf2 {[%clk 0:04:21]} Kb4 {[%clk 0:01:33]} 38. Kd2
{[%clk 0:04:03]} Bf7 {[%clk 0:01:37]} 39. f6 {[%clk 0:02:32]} b2 {[%clk 0:01:39]}
40. Kc2 {[%clk 0:00:56]} Ka3 {[%clk 0:01:48]} 41. Rf1 {[%clk 0:00:49]} gxf6
{[%clk 0:01:53]} 42. Kc3 {[%clk 0:00:58]} Bg6 {[%clk 0:01:51]} 43. g5
{[%clk 0:00:56]} b1=Q {[%clk 0:01:21]} 44. Rxb1 {[%clk 0:01:00]} Bxb1
{[%clk 0:01:30]} 45. gxf6 {[%clk 0:01:08]} Ba2 {[%clk 0:01:39]} 46. Kd4
{[%clk 0:01:09]} Kb4 {[%clk 0:01:48]} 47. h4 {[%clk 0:01:10]} Bf7
{[%clk 0:01:57]} 48. Ke4 {[%clk 0:01:06]} Kc5 {[%clk 0:02:01]} 49. Ke5
{[%clk 0:01:15]} h5 {[%clk 0:02:09]} 50. Kd4+ 0-1

[Event "Russian Rapid Team Championship (m)"]
[Site "Sochi"]
[Date "2022.10.18"]
[Round "3.16"]
[White "Zarubitski, Viachaslau"]
[Black "Zablotsky, Sergei"]
[Result "1/2-1/2"]
[BlackElo "2465"]
[WhiteElo "2359"]
[LiveChessVersion "1.4.8"]

1. e4 {[%clk 0:15:16]} d5 {[%clk 0:15:19]} 2. Nc3 {[%clk 0:15:05]} dxe4
{[%clk 0:15:04]} 3. Nxe4 {[%clk 0:15:05]} Nd7 {[%clk 0:15:12]} 4. d4
{[%clk 0:14:48]} Ngf6 {[%clk 0:15:20]} 5. Ng3 {[%clk 0:13:46]} e6
{[%clk 0:15:03]} 6. Nf3 {[%clk 0:13:52]} c5 {[%clk 0:15:12]} 7. c3
{[%clk 0:13:32]} cxd4 {[%clk 0:15:13]} 8. Nxd4 {[%clk 0:13:36]} Be7
{[%clk 0:14:25]} 9. Be2 {[%clk 0:13:35]} O-O {[%clk 0:14:30]} 10. O-O
{[%clk 0:13:38]} a6 {[%clk 0:14:39]} 11. Re1 {[%clk 0:13:05]} Qc7
{[%clk 0:14:45]} 12. a4 {[%clk 0:12:55]} b6 {[%clk 0:13:37]} 13. Bf3
{[%clk 0:12:16]} Bb7 {[%clk 0:13:44]} 14. Bf4 {[%clk 0:09:31]} Qxf4
{[%clk 0:13:51]} 15. Bxb7 {[%clk 0:09:39]} Ra7 {[%clk 0:14:00]} 16. Bf3
{[%clk 0:06:53]} Ne5 {[%clk 0:14:00]} 17. Rxe5 {[%clk 0:06:45]} Qxe5
{[%clk 0:14:08]} 18. Nc6 {[%clk 0:06:53]} Qc7 {[%clk 0:14:14]} 19. Nxa7
{[%clk 0:06:08]} Qxa7 {[%clk 0:13:50]} 1/2-1/2

[Event "Russian Rapid Team Championship (m)"]
[Site "Sochi"]
[Date "2022.10.18"]
[Round "4.1"]
[White "Artemiev, Vladislav"]
[Black "Ponkratov, Pavel"]
[Result "1/2-1/2"]
[BlackElo "2518"]
[WhiteElo "2710"]
[LiveChessVersion "1.4.8"]

1. d4 {[%clk 0:15:16]} Nf6 {[%clk 0:15:15]} 2. c4 {[%clk 0:15:25]} e6
{[%clk 0:15:23]} 3. Nc3 {[%clk 0:15:33]} Bb4 {[%clk 0:15:32]} 4. Qc2
{[%clk 0:15:07]} d5 {[%clk 0:15:40]} 5. a3 {[%clk 0:15:14]} Bxc3+
{[%clk 0:15:34]} 6. Qxc3 {[%clk 0:15:22]} c5 {[%clk 0:15:42]} 7. cxd5
{[%clk 0:14:13]} cxd4 {[%clk 0:15:07]} 8. Qxd4 {[%clk 0:14:20]} Nc6
{[%clk 0:15:14]} 9. Qd1 {[%clk 0:14:20]} exd5 {[%clk 0:14:17]} 10. Nf3
{[%clk 0:14:27]} Bg4 {[%clk 0:14:24]} 11. g3 {[%clk 0:12:57]} O-O
{[%clk 0:11:09]} 12. Bg2 {[%clk 0:13:06]} Qb6 {[%clk 0:10:13]} 13. O-O
{[%clk 0:13:02]} Rfe8 {[%clk 0:10:21]} 14. b4 {[%clk 0:10:56]} d4
{[%clk 0:08:31]} 15. Bb2 {[%clk 0:09:43]} Rad8 {[%clk 0:08:39]} 16. Qd2
{[%clk 0:06:38]} Ne4 {[%clk 0:04:58]} 17. Qf4 {[%clk 0:06:46]} Bh5
{[%clk 0:05:07]} 18. Rad1 {[%clk 0:03:59]} Nc3 {[%clk 0:05:12]} 19. Bxc3
{[%clk 0:04:05]} dxc3 {[%clk 0:05:20]} 20. Qc4 {[%clk 0:03:51]} Rxd1
{[%clk 0:04:33]} 21. Rxd1 {[%clk 0:03:58]} Bg6 {[%clk 0:04:42]} 22. Qxc3
{[%clk 0:03:20]} Rxe2 {[%clk 0:04:26]} 23. Nd4 {[%clk 0:03:29]} Qd8
{[%clk 0:04:14]} 24. Bf3 {[%clk 0:03:08]} Bc2 {[%clk 0:03:29]} 25. Bxe2
{[%clk 0:01:18]} Bxd1 {[%clk 0:03:37]} 26. Nxc6 {[%clk 0:01:26]} bxc6
{[%clk 0:03:45]} 27. Bf1 {[%clk 0:00:35]} Qd7 {[%clk 0:03:38]} 28. Bg2
{[%clk 0:00:17]} Ba4 {[%clk 0:03:45]} 29. Bf3 {[%clk 0:00:23]} g6
{[%clk 0:03:50]} 30. h4 {[%clk 0:00:30]} h5 {[%clk 0:03:47]} 31. Kg2
{[%clk 0:00:31]} Qd6 {[%clk 0:03:36]} 32. Qe3 {[%clk 0:00:38]} Qd7
{[%clk 0:03:45]} 33. Qg5 {[%clk 0:00:24]} Bd1 {[%clk 0:03:17]} 34. Be4
{[%clk 0:00:29]} Bb3 {[%clk 0:02:18]} 35. Qe5 {[%clk 0:00:15]} Bc4
{[%clk 0:02:01]} 36. Bf3 {[%clk 0:00:12]} Bd5 {[%clk 0:01:12]} 37. Bxd5
{[%clk 0:00:21]} cxd5 {[%clk 0:01:21]} 38. Kf3 {[%clk 0:00:30]} Qa4
{[%clk 0:01:24]} 39. Qb2 {[%clk 0:00:12]} Qd1+ {[%clk 0:01:30]} 40. Qe2
{[%clk 0:00:12]} Qd4 {[%clk 0:00:53]} 41. Qe8+ {[%clk 0:00:12]} Kg7
{[%clk 0:01:00]} 42. Qe3 {[%clk 0:00:13]} Qc4 {[%clk 0:00:56]} 43. Qe5+
{[%clk 0:00:16]} Kg8 {[%clk 0:00:51]} 44. Qe8+ {[%clk 0:00:18]} Kg7
{[%clk 0:01:00]} 45. Qe5+ {[%clk 0:00:19]} Kg8 {[%clk 0:01:09]} 46. Qe8+
{[%clk 0:00:13]} 1/2-1/2

[Event "Russian Rapid Team Championship (m)"]
[Site "Sochi"]
[Date "2022.10.18"]
[Round "4.2"]
[White "Shomoev, Anton"]
[Black "Sjugirov, Sanan"]
[Result "1-0"]
[BlackElo "2609"]
[WhiteElo "2553"]
[LiveChessVersion "1.4.8"]

1. e4 {[%clk 0:15:17]} e5 {[%clk 0:15:13]} 2. Nf3 {[%clk 0:15:26]} Nc6
{[%clk 0:15:21]} 3. Bb5 {[%clk 0:15:34]} Nf6 {[%clk 0:15:27]} 4. O-O
{[%clk 0:15:39]} Nxe4 {[%clk 0:15:35]} 5. d4 {[%clk 0:15:47]} Nd6
{[%clk 0:15:41]} 6. Bxc6 {[%clk 0:15:55]} dxc6 {[%clk 0:15:49]} 7. dxe5
{[%clk 0:16:04]} Nf5 {[%clk 0:15:57]} 8. Qxd8+ {[%clk 0:16:12]} Kxd8
{[%clk 0:16:06]} 9. h3 {[%clk 0:16:21]} h6 {[%clk 0:15:07]} 10. Rd1+
{[%clk 0:16:08]} Ke8 {[%clk 0:15:12]} 11. Nc3 {[%clk 0:16:15]} Be7
{[%clk 0:14:19]} 12. g4 {[%clk 0:16:14]} Nh4 {[%clk 0:14:27]} 13. Nxh4
{[%clk 0:16:22]} Bxh4 {[%clk 0:14:36]} 14. Kg2 {[%clk 0:16:17]} Be7
{[%clk 0:13:11]} 15. Be3 {[%clk 0:15:03]} h5 {[%clk 0:12:57]} 16. f3
{[%clk 0:15:10]} f6 {[%clk 0:12:08]} 17. exf6 {[%clk 0:14:28]} gxf6
{[%clk 0:12:16]} 18. Bf4 {[%clk 0:14:32]} Kf7 {[%clk 0:12:09]} 19. Bxc7
{[%clk 0:12:45]} hxg4 {[%clk 0:12:13]} 20. fxg4 {[%clk 0:10:20]} f5
{[%clk 0:11:12]} 21. Rf1 {[%clk 0:10:23]} Kg6 {[%clk 0:11:00]} 22. Rae1
{[%clk 0:09:27]} Bb4 {[%clk 0:05:19]} 23. Be5 {[%clk 0:08:57]} Re8
{[%clk 0:05:02]} 24. Re3 {[%clk 0:03:53]} Bxc3 {[%clk 0:03:38]} 25. gxf5+
{[%clk 0:02:45]} Bxf5 {[%clk 0:03:45]} 26. Rg3+ {[%clk 0:02:52]} Kh6
{[%clk 0:02:37]} 27. Rf4 {[%clk 0:01:23]} Be4+ {[%clk 0:02:30]} 28. Rxe4
{[%clk 0:01:32]} Rxe5 {[%clk 0:02:37]} 29. Rh4+ {[%clk 0:01:39]} Rh5
{[%clk 0:02:46]} 30. Rxh5+ {[%clk 0:01:47]} Kxh5 {[%clk 0:02:55]} 31. Rxc3
{[%clk 0:01:52]} Re8 {[%clk 0:02:44]} 32. Kf2 {[%clk 0:01:54]} Re5
{[%clk 0:02:03]} 33. Rb3 {[%clk 0:01:29]} b6 {[%clk 0:01:39]} 34. Rc3
{[%clk 0:01:34]} c5 {[%clk 0:00:57]} 35. Re3 {[%clk 0:01:41]} Rd5
{[%clk 0:01:01]} 36. Rd3 {[%clk 0:01:46]} Re5 {[%clk 0:00:45]} 37. Rd7
{[%clk 0:01:49]} a5 {[%clk 0:00:53]} 38. Rb7 {[%clk 0:01:39]} Re6
{[%clk 0:01:01]} 39. a4 {[%clk 0:01:31]} Kh4 {[%clk 0:01:07]} 40. Rh7+
{[%clk 0:01:38]} Kg5 {[%clk 0:01:16]} 41. b3 {[%clk 0:01:37]} c4 {[%clk 0:01:11]}
42. Rg7+ {[%clk 0:01:26]} Kf6 {[%clk 0:01:10]} 43. Rh7 {[%clk 0:01:13]} Kg6
{[%clk 0:01:08]} 44. Rd7 {[%clk 0:01:18]} cxb3 {[%clk 0:01:15]} 45. cxb3
{[%clk 0:01:27]} Kf5 {[%clk 0:01:00]} 46. Rd5+ {[%clk 0:01:29]} Ke4
{[%clk 0:00:56]} 47. Rb5 {[%clk 0:01:36]} Rf6+ {[%clk 0:00:14]} 48. Kg3
{[%clk 0:01:41]} Rg6+ {[%clk 0:00:23]} 49. Kf2 {[%clk 0:01:08]} Rf6+
{[%clk 0:00:32]} 50. Kg3 {[%clk 0:00:39]} Rg6+ {[%clk 0:00:41]} 51. Kh2
{[%clk 0:00:47]} Rh6 {[%clk 0:00:46]} 52. Rg5 {[%clk 0:00:53]} Kf4
{[%clk 0:00:14]} 53. Rg4+ {[%clk 0:00:56]} Kf3 {[%clk 0:00:22]} 54. Rg3+
{[%clk 0:01:03]} Kf2 {[%clk 0:00:16]} 55. Rg5 {[%clk 0:00:35]} Kf3
{[%clk 0:00:23]} 56. Rf5+ {[%clk 0:00:43]} Ke4 {[%clk 0:00:31]} 57. Rf1
{[%clk 0:00:44]} Ke3 {[%clk 0:00:12]} 58. Kg3 {[%clk 0:00:40]} Rg6+
{[%clk 0:00:17]} 59. Kh4 {[%clk 0:00:49]} Ke4 {[%clk 0:00:20]} 60. Rf8
{[%clk 0:00:47]} Ke5 {[%clk 0:00:13]} 61. Rf3 {[%clk 0:00:55]} Rg2
{[%clk 0:00:11]} 62. Rg3 {[%clk 0:00:58]} Rf2 {[%clk 0:00:15]} 63. Kh5
{[%clk 0:00:55]} Rf4 {[%clk 0:00:11]} 64. Rg5+ {[%clk 0:00:52]} Kf6
{[%clk 0:00:15]} 65. Rg6+ {[%clk 0:00:57]} 1-0

[Event "Russian Rapid Team Championship (m)"]
[Site "Sochi"]
[Date "2022.10.18"]
[Round "4.3"]
[White "Timofeev, Artyom"]
[Black "Lysyj, Igor"]
[Result "1/2-1/2"]
[BlackElo "2530"]
[WhiteElo "2560"]
[LiveChessVersion "1.4.8"]

1. e4 {[%clk 0:15:17]} e5 {[%clk 0:15:18]} 2. Nf3 {[%clk 0:15:25]} Nc6
{[%clk 0:15:27]} 3. Bb5 {[%clk 0:15:32]} a6 {[%clk 0:15:32]} 4. Ba4
{[%clk 0:15:41]} Nf6 {[%clk 0:15:40]} 5. d3 {[%clk 0:15:49]} Bc5 {[%clk 0:15:48]}
6. O-O {[%clk 0:15:54]} d6 {[%clk 0:15:55]} 7. c3 {[%clk 0:15:54]} O-O
{[%clk 0:15:59]} 8. h3 {[%clk 0:15:55]} Ba7 {[%clk 0:16:06]} 9. Re1
{[%clk 0:15:25]} Nh5 {[%clk 0:16:14]} 10. d4 {[%clk 0:14:50]} Qf6
{[%clk 0:16:22]} 11. Be3 {[%clk 0:14:02]} Nf4 {[%clk 0:16:30]} 12. Kh2
{[%clk 0:11:50]} Kh8 {[%clk 0:15:27]} 13. Bxc6 {[%clk 0:10:11]} bxc6
{[%clk 0:15:34]} 14. Nbd2 {[%clk 0:10:12]} h6 {[%clk 0:11:32]} 15. dxe5
{[%clk 0:07:27]} dxe5 {[%clk 0:11:38]} 16. Bxa7 {[%clk 0:07:34]} Rxa7
{[%clk 0:11:42]} 17. Re3 {[%clk 0:07:40]} Rd8 {[%clk 0:08:46]} 18. Qf1
{[%clk 0:07:44]} Be6 {[%clk 0:07:52]} 19. Nc4 {[%clk 0:07:16]} Ng6
{[%clk 0:07:43]} 20. Na5 {[%clk 0:06:32]} Rd6 {[%clk 0:06:53]} 21. Rd1
{[%clk 0:06:30]} Ra8 {[%clk 0:07:02]} 22. Rxd6 {[%clk 0:06:08]} cxd6
{[%clk 0:07:10]} 23. Nxc6 {[%clk 0:06:16]} Nf4 {[%clk 0:06:33]} 24. Nb4
{[%clk 0:03:54]} a5 {[%clk 0:04:04]} 25. Nd3 {[%clk 0:04:02]} Bc4
{[%clk 0:03:47]} 26. Nfe1 {[%clk 0:04:10]} Nxd3 {[%clk 0:03:54]} 27. Nxd3
{[%clk 0:04:18]} Bxa2 {[%clk 0:04:02]} 28. Qd1 {[%clk 0:03:05]} Be6
{[%clk 0:03:45]} 29. Qa4 {[%clk 0:03:03]} Qd8 {[%clk 0:03:44]} 30. Re2
{[%clk 0:02:57]} Bd7 {[%clk 0:03:42]} 31. Qa2 {[%clk 0:02:41]} Be6
{[%clk 0:03:46]} 32. Qa4 {[%clk 0:02:49]} Bd7 {[%clk 0:03:48]} 1/2-1/2